000 003070000a22001330004500
041 0 _aSPA
082 0 4 _aG 920 V2158r
100 1 _aValverde, Umberto
245 1 0 _aCelia Cruz : Reina Rumba / Umberto Valverde
260 _aBogotá, Colombia : Oveja Negra
300 _a150 Pag
001 11285
942 _cBK
999 _c40631
_d40631